Pendidikan Islam

Bibliographic Details
Main Author: Umar Haji Ibrahim
Format: Book
Published: Petaling Jaya : Sasbadi Sdn. Bhd. , 1996
Subjects:

MARC

LEADER 00000cam a2200000 7i4500
001 0000007279
002 000007830
005 20000330.0
020 |a 9830294978 
090 0 0 |a 297   |b UMA 
100 0 |a Umar Haji Ibrahim 
245 1 0 |a Pendidikan Islam   |c Umar Haji Ibrahim 
260 |a Petaling Jaya :   |b Sasbadi Sdn. Bhd. ,   |c 1996 
300 |a 198p. ;   |c 15cm. 
650 0 0 |a Islamic studies   |x PMR 
999 |a 052039   |b BUKU   |c RUJUKAN   |e PERPUSTAKAAN KOMUNITI PETALING JAYA 
999 |a 052040   |b BUKU   |c PINJAMAN   |e PERPUSTAKAAN KOMUNITI PETALING JAYA 
999 |a 052041   |b BUKU   |c PINJAMAN   |e PERPUSTAKAAN KOMUNITI PETALING JAYA 
999 |a 054869   |b BUKU   |c PINJAMAN   |e PERPUSTAKAAN KOMUNITI PETALING JAYA 
999 |a 054870   |b BUKU   |c PINJAMAN   |e PERPUSTAKAAN KOMUNITI CAW KOTA DAMANSARA